000 00446nam a22001577a 4500
003 OSt
005 20260401074124.0
008 260401b |||||||| |||| 00| 0 eng d
020 _a9789914529302
_cAvailable
_qMain Library
040 _cKICD
050 _aPL 8701 .K46 2025
245 _aMTAALA WA DARAJA YA JUU YA SHULE ZA UPILI
_bGREDI10, KISWAHII LUGHA
_cKICD
250 _a1ST Ed
260 _aNairobi, Kenya
_bKICD
_c2025
942 _2ddc
_cBK
_n0
999 _c10008
_d10008